000 00526nam a2200193Ia 4500
005 20260429112006.0
008 260429s9999||||xx |||||||||||||| ||und||
020 _a9781647287511
041 _aEnglish
082 _a519.5
_bGEL
100 _aGeller, Casper
245 0 _aNew perspectives in statistical modeling /
_cCasper Geller
260 _aUnited States :
_bWillford Press,
_c2025.
300 _axi, 230 p.; hb
650 _a Modeling
650 _a Statistical mathematics
650 _aMathematics
942 _cTB
999 _c51786
_d51786